000 00880cam a22002411 4500
001 000019270
005 20240508191012.0
008 731128s1948 fr b 000 0 fre c
040 _aDO-SdBNP
_cNhD
_dOCoLC
_dDLC
_dBNPHU
082 _a940.2
_bP879d
100 1 _aPouthas, Charles Hippolyte,
_d1886-
_941457
245 1 0 _aDemocraties et capitalisme (1848-1860) /
_cpar Charles-H. Pouthas.
250 _a2a ed.
260 _aParis :
_bPresses universitaires de France,
_c1948.
300 _a2 p. l., 639, [1] p. ;
_c22 cm.
490 1 _aPeuples et civilisations; histoire generale.
_v[XVI]
504 _aIncluye referencias bibliográficas y notas al pie de las páginas.
651 0 _aEuropa
_xHistoria
_y1848-1871.
_941458
650 0 _aPolítica mundial
_91785
830 0 _aPeuples et civilisations ;
_v[XVI]
_941459
910 _aCatalogación derivada / LC
049 _aBNGR
999 _c18788
_d18788